Information systems today / (Record no. 403)

MARC details
000 -LEADER
fixed length control field 00761nac a22002051u 4500
010 ## - LIBRARY OF CONGRESS CONTROL NUMBER
LC control number 2002030779
020 ## - INTERNATIONAL STANDARD BOOK NUMBER
International Standard Book Number 0130094145
020 ## - INTERNATIONAL STANDARD BOOK NUMBER
International Standard Book Number 8120323130
082 00 - DEWEY DECIMAL CLASSIFICATION NUMBER
Classification number 658.4
Item number J584
090 ## - LOCALLY ASSIGNED LC-TYPE CALL NUMBER (OCLC); LOCAL CALL NUMBER (OCLC)
-- 403
-- 403
100 ## - MAIN ENTRY--PERSONAL NAME
Personal name Jessup, Leonard M.,
245 10 - TITLE STATEMENT
Title Information systems today /
Statement of responsibility, etc Leonard M. Jessup, Joseph S. Valacich.
260 ## - PUBLICATION, DISTRIBUTION, ETC. (IMPRINT)
Place of publication, distribution, etc Upper Saddle River, N.J. :
Name of publisher, distributor, etc Prentice Hall,
Date of publication, distribution, etc c2003.
300 ## - PHYSICAL DESCRIPTION
Extent xx, 410 p. :
Other physical details ill. (some col.) ;
Dimensions 29 cm.
650 #0 - SUBJECT ADDED ENTRY--TOPICAL TERM
Topical term or geographic name as entry element Information technology.
650 #0 - SUBJECT ADDED ENTRY--TOPICAL TERM
Topical term or geographic name as entry element Information storage and retrieval systems
General subdivision Business.
700 1# - ADDED ENTRY--PERSONAL NAME
Personal name Valacich, Joseph S.,
Dates associated with a name 1959-
942 ## - ADDED ENTRY ELEMENTS (KOHA)
Item type Book - Borrowing
Call number prefix 658.4J584
Holdings
Withdrawn status Item status Source of classification or shelving scheme Damaged status Not for loan Vendor Home library Current library Shelving location Date acquired Source of acquisition Cost, normal purchase price Total Checkouts Full call number Barcode Date last seen Cost, replacement price Koha item type
    Dewey Decimal Classification       Central Library Central Library First floor 09/04/2006   81.00   658.4 JES 000004230 15/07/2025 101.25 Book - Borrowing